Statistiques concernant Régions de pays n°2

Cliquez ici pour prendre le quiz!

Statistiques générales

  • Ce quiz a été pris 6,881 fois
  • Le résultat moyen est 16 sur 21

Statistiques - réponses

Région Pays % Correct
TexasEtats-Unis
100%
NormandieFrance
96%
CatalogneEspagne
94%
SibérieRussie
93%
SardaigneItalie
93%
FlandreBelgique
93%
Mongolie-IntérieureChine
92%
CrèteGrèce
91%
YorkshireRoyaume-Uni
88%
Colombie-BritanniqueCanada
77%
SaxeAllemagne
77%
TransylvanieRoumanie
76%
KantōJapon
68%
Nouvelle-Galles du SudAustralie
67%
Uttar PradeshInde
64%
Cap occidentalAfrique du Sud
62%
Comté de CorkIrlande
62%
Mato GrossoBrésil
50%
DalmatieCroatie
44%
JaliscoMexique
43%
Haute-SilésiePologne
39%

Distribution des résultats

Percentile par nombre de réponses

% des personnes avec chaque résultat

Votre développement - résultats

Vous n’avez pas pris ce quiz